00877cam a2200169 a 450000100100000000500170001000800410002704000250006808200180009310000330011124500570014426000520020130000210025350503060027465000490058065100780062900000215620200929150153.0790207s1952 sp 101 0 spa  aDO-SdBNPbspacBNPHU a327.98bB271d1 aBarreda Laos, Felipe,d1888-10aDos Américas :bdos mundos /cFelipe Barreda Laos. aMadrid, España :bCultura Hispánica,c1952. a165 p. ;c21 cm.0 tUnidad de la hispanidad, peninsular y americana; el ser histórico ; cultura, idioma --tDos Américas : dos mundos --tLa hispanidad peninsular y americana, en la encrucijada del destino --tLa investigación directa en los archivos argentinos y la modernización de la historia hispanoamericana. 4aPanamericanismovENSAYOS, CONFERENCIAS, ETC. 4aAmérica LatinaxRelaciones InternacionalesvENSAYOS, CONFERENCIAS, ETC.